| 000 | 00659cam a2200229ua 4500 | ||
|---|---|---|---|
| 001 | 9705 | ||
| 008 | 160729n ii |||gr||||Z||||||asm | ||
| 020 | _a9788123734385 | ||
| 040 | _cMAIN | ||
| 041 | _aasm | ||
| 082 | _a342.54 | ||
| 100 |
_aKashyap, Subhash C., _eAuthor., |
||
| 245 |
_aAamar sangbidhan : _bbharatar sangbidhan aru sangbidhanik bidhir eti parichay / _cby Subhash C Kashyap . |
||
| 250 | _a3rd rev. | ||
| 260 |
_aNew Delhi: _bNBT, _c2010. |
||
| 300 | _a333p. | ||
| 653 | _aConstitutional & administrative law | ||
| 653 | _aConstitution of India | ||
| 653 | _aIndian constitution | ||
| 700 |
_aBaruah, Guna, _eTranslator. |
||
| 942 | _cBK | ||
| 999 |
_c8719 _d8719 |
||